LEADER 01102nam a2200265 4500 001 000000334005 003 CaOOAMICUS 005 20190613164035.0 008 190612s2013 it 000 u ita r 040 $aSeMil$bita 100 1 $aPerone, Giuseppe.$0(OLS)http://semarc/name/109670 245 10$aCosì come semi di melagrana /$cGiuseppe Perone. 264 1$aRovello Porro :$bTipolitografia BG,$c2013. 264 1$a[S.l. :$bs.n.],$c2013. 300 $a208 p. :$bill. ;$c31 cm. 541 1 $aFondo mons. Mario Delpini 650 4$aOrdine ospedaliero di San Giovanni di Dio .$0(OLS)http://semarc/subject/26795 650 4$aPerone, Giuseppe.$0(OLS)http://semarc/subject/48441 850 $aSeMil 852 $aSeMil$W1$xVenegono$y1$m3E VI 52$j213648$B226340$CSeMilBibl$Z2$F226340 $81 941 1 $a7 996 $6245$aCosì come semi di melagrana$9(OLS)http://semarc/title/423674 996 $6264$a[S.l. :$bs.n.]$9(OLS)http://semarc/publisher/29751 996 $6264$aRovello Porro :$bTipolitografia BG$9(OLS)http://semarc/publisher/58310 LEADER 01218nam a2200265 4500 001 000000363787 003 CaOOAMICUS 005 20250804144324.0 008 250804s2006 it 000 u ita r 020 $a88-382-3999-1 040 $aSeMil$bita 100 1 $aGaiotti De Biase, Paola.$0(OLS)http://semarc/name/29977 245 10$aVissuto religioso e secolarizzazione :$ble donne nella "Rivoluzione più lunga" /$cPaola Gaiotti De Biase. 264 1$aRoma :$bStudium,$c2006. 300 $aVI, 207 p. ;$c21 cm 490 1 $aLa spiritualità cristiana contemporanea ;$v10 650 4$aDonne e Chiesa cattolica - Storia.$0(OLS)http://semarc/subject/58384 830 3$aLa spiritualità cristiana contemporanea ;$v10.$0(OLS)http://semarc/title/22538 850 $aSeMil 852 $aSeMil$W1$xVenegono$y1$m2M II 175$j260428$B254641$CSeMilBibl$Z2$F254641 $81 961 $aSequeri mons. Pierangelo - Omaggio 996 $6020$a88-382-3999-1$9(OLS)http://semarc/number/303798 996 $6245$aVissuto religioso e secolarizzazione :$ble donne nella "Rivoluzione più lunga"$9(OLS)http://semarc/title/455100 996 $6264$aRoma :$bStudium$9(OLS)http://semarc/publisher/29617